000 00416nam a2200181Ia 4500
001 10778
005 20260306161857.0
008 260306t2010||||xx |||||||||||||| ||spa||
041 _aESP
082 _a949.5
_bK58
100 _aKitto, Humphrey Davy Finley
_eAUT
245 0 _aLos griegos
260 _c2010
300 _a294 páginas :
_c21 cm.
650 _aGEN
654 _aCHU
942 _cLIB
_dJUS
_fJUS
_2ddc
_n
999 _c10778
_d10778